01427nam a22003494a 4500001001200000003000800012006001900020007001500039008004100054010001700095020002000112040002100132035002000153050002500173082001500198100002100213245013600234260006600370300001600436490003800452504006400490533015200554650003200706650003000738650003200768651004900800655002900849710001700878830003900895856012600934999001701060ebr10014954CaPaEBRm u cr cn|||||||||990922s2000 enk sb 001 0 eng  z 99049057  z0521650003 (hb) aCaPaEBRcCaPaEBR a(OCoLC)5102885814aDS316.6b.M57 2000eb04a955.052211 aMirsepassi, Ali.10aIntellectual discourse and the politics of modernizationh[electronic resource] :bnegotiating modernity in Iran /cAli Mirsepassi. a[Cambridge ;aNew York] :bCambridge University Press,c2000. axiv, 227 p.1 aCambridge cultural social studies aIncludes bibliographical references (p. 216-223) and index. aElectronic reproduction.bPalo Alto, Calif. :cebrary,d2013.nAvailable via World Wide Web.nAccess may be limited to ebrary affiliated libraries. 0aPolitics and culturezIran. 0aIslam and politicszIran. 0aIslam and secularismzIran. 0aIranxPolitics and governmenty20th century. 7aElectronic books.2local2 aebrary, Inc. 0aCambridge cultural social studies.40uhttp://site.ebrary.com/lib/rucke/Doc?id=10014954zAn electronic book accessible through the World Wide Web; click to view c26882d26882